[Event "2. Bundesliga West 2018/19"]
[Site "OMICRON Electronics"]
[Date "2018.12.09"]
[Round "5"]
[Board "5"]
[White "Egger, Martin"]
[Black "De Francesco, Klaus"]
[Result "0-1"]
[WhiteElo "2043"]
[BlackElo "2288"]
[PlyCount "124"]
[EventDate "2018.10.12"]
[EventType "team"]
[EventRounds "11"]
[EventCountry "AUT"]
[WhiteTeam "Sparkasse Neumarkt"]
[BlackTeam "Absam"]

1. e4 e6 2. d4 d5 3. Nc3 Bb4 4. exd5 exd5 5. Bd3 Nc6 6. a3 Be7 7. Nce2 Nf6 8.
c3 O-O 9. Nf3 Bg4 10. Ng3 Re8 11. O-O Bd6 12. Nf5 Bxf5 13. Bxf5 Ne4 14. Re1 Qf6
15. Bxe4 Rxe4 16. Rxe4 dxe4 17. Ng5 Re8 18. Qh5 Qg6 19. Qxg6 hxg6 20. Nh3 f6
21. Nf4 Kf7 22. h4 Na5 23. Rb1 Nb3 24. Be3 c6 25. g3 Bxf4 26. Bxf4 Ke6 27. Rd1
Kd5 28. Be3 b5 29. Kg2 a5 30. g4 b4 31. axb4 axb4 32. cxb4 Rb8 33. Kg3 Rxb4 34.
Kf4 Rb8 35. g5 Rh8 36. gxf6 gxf6 37. Kg3 f5 38. Bg5 Rh7 39. Bf6 Ke6 40. Bg5 Rd7
41. Be3 Rd5 42. h5 gxh5 43. Rh1 Nxd4 44. Bxd4 Rxd4 45. Rxh5 Rd3+ 46. Kg2 Ke5
47. Rh6 Rd6 48. Rh8 Rd2 49. Re8+ Kf4 50. b4 Rc2 51. Re6 Rc4 52. Rh6 Ke5 53. Kf1
f4 54. Ke2 Rc2+ 55. Ke1 f3 56. b5 c5 57. Rc6 Kd5 58. Rh6 Re2+ 59. Kd1 Rxf2 60.
Kc1 Rg2 61. b6 f2 62. Rf6 Rg1+  0-1

[Event "2. Bundesliga West 2018/19"]
[Site "OMICRON Electronics"]
[Date "2018.12.09"]
[Round "5"]
[Board "6"]
[White "Schmidlechner, Alexander"]
[Black "Bruckner, Simon"]
[Result "1-0"]
[WhiteElo "2197"]
[BlackElo "1729"]
[PlyCount "79"]
[EventDate "2018.10.12"]
[EventType "team"]
[EventRounds "11"]
[EventCountry "AUT"]
[WhiteTeam "Absam"]
[BlackTeam "Sparkasse Neumarkt"]

1. d4 d5 2. c4 e6 3. Nc3 c6 4. e3 Nf6 5. Nf3 Nbd7 6. Qc2 Bd6 7. Bd3 dxc4 8.
Bxc4 O-O 9. O-O e5 10. h3 h6 11. Rd1 Qe7 12. Nh4 Nb6 13. Ng6 Qc7 14. Bb3 Re8
15. Nxe5 Bxe5 16. dxe5 Rxe5 17. e4 Rh5 18. Ne2 g5 19. e5 Nfd5 20. Bxd5 Nxd5 21.
Rxd5 Bf5 22. Qxf5 cxd5 23. Be3 Rh4 24. Nd4 Qb6 25. Rd1 Qxb2 26. e6 Rf8 27. Rb1
Qc3 28. Rxb7 Rxd4 29. exf7+ Kg7 30. Qe5+ Kg6 31. Bxd4 Qc1+ 32. Kh2 Qf4+ 33.
Qxf4 gxf4 34. Rxa7 Rxf7 35. Rxf7 Kxf7 36. a4 Ke6 37. a5 Kd6 38. a6 Kc6 39. a7
Kb7 40. g4  1-0

[Event "2. Bundesliga West 2018/19"]
[Site "OMICRON Electronics"]
[Date "2018.12.09"]
[Round "5"]
[Board "1"]
[White "Riediger, Martin"]
[Black "Fedorovsky, Michael"]
[Result "1/2-1/2"]
[WhiteElo "2276"]
[BlackElo "2481"]
[PlyCount "60"]
[EventDate "2018.10.12"]
[EventType "team"]
[EventRounds "11"]
[EventCountry "AUT"]
[WhiteTeam "Ranshofen"]
[BlackTeam "Jenbach 2"]

1. Nf3 d5 2. g3 Nf6 3. Bg2 c5 4. O-O e6 5. d4 cxd4 6. Nxd4 e5 7. Nb3 Nc6 8. Bg5
Be6 9. Nc3 d4 10. Ne4 Be7 11. Bxf6 gxf6 12. c3 dxc3 13. Nxc3 f5 14. Nd5 h5 15.
Rc1 e4 16. Nxe7 Qxe7 17. Nd4 Rd8 18. Nxc6 Rxd1 19. Nxe7 Rxc1 20. Rxc1 Kxe7 21.
Rc7+ Kd6 22. Rxb7 Rc8 23. f4 Rc2 24. Kf1 Bxa2 25. Rxa7 Rxb2 26. Ra6+ Ke7 27.
Kf2 Be6 28. Ra5 Kf6 29. Rc5 Ra2 30. Re5 Ra1  1/2-1/2

[Event "2. Bundesliga West 2018/19"]
[Site "OMICRON Electronics"]
[Date "2018.12.09"]
[Round "5"]
[Board "2"]
[White "Binder, Moriz"]
[Black "Bensch, Patrick"]
[Result "0-1"]
[WhiteElo "2234"]
[BlackElo "2168"]
[PlyCount "86"]
[EventDate "2018.10.12"]
[EventType "team"]
[EventRounds "11"]
[EventCountry "AUT"]
[WhiteTeam "Jenbach 2"]
[BlackTeam "Ranshofen"]

1. d4 Nf6 2. Nf3 g6 3. Nbd2 Bg7 4. e4 d6 5. Bd3 O-O 6. O-O Nc6 7. c3 e5 8. Re1
Re8 9. h3 Bd7 10. Nf1 a5 11. Ng3 h6 12. Be3 Qc8 13. Bc2 a4 14. Nh2 a3 15. b3
exd4 16. cxd4 Nb4 17. Qd2 c5 18. Bd1 Nxe4 19. Nxe4 Rxe4 20. Bf3 Rh4 21. Rac1
Bxd4 22. Bxh6 Bxh3 23. g3 Rxh6 24. Qxh6 Nxa2 25. g4 Bg7 26. Qxh3 Nxc1 27. Bd5
Ne2+ 28. Rxe2 a2 29. Rxa2 Rxa2 30. Nf3 Qe8 31. Kg2 Qe7 32. Qh2 Qf6 33. Bxb7 Qb2
34. Qh4 Bf6 35. g5 Bd4 36. Nxd4 Qxd4 37. Qg3 d5 38. Qf3 Rd2 39. Ba6 Qe4 40.
Qxe4 dxe4 41. Kg3 Kg7 42. f3 e3 43. f4 Rf2  0-1

[Event "2. Bundesliga West 2018/19"]
[Site "OMICRON Electronics"]
[Date "2018.12.09"]
[Round "5"]
[Board "3"]
[White "Ager, Josef"]
[Black "Micheli, Carlo"]
[Result "0-1"]
[WhiteElo "2174"]
[BlackElo "2211"]
[PlyCount "62"]
[EventDate "2018.10.12"]
[EventType "team"]
[EventRounds "11"]
[EventCountry "AUT"]
[WhiteTeam "Ranshofen"]
[BlackTeam "Jenbach 2"]

1. Nf3 c5 2. c4 Nc6 3. Nc3 g6 4. d4 cxd4 5. Nxd4 Bg7 6. Nc2 d6 7. e4 Nf6 8. Be2
O-O 9. O-O Nd7 10. Bd2 Nc5 11. f3 a5 12. Kh1 f5 13. exf5 Bxf5 14. Ne3 Bd7 15.
Re1 Nd4 16. Nc2 Nf5 17. Rb1 e6 18. Ne4 Bc6 19. Nxc5 dxc5 20. Bf4 Qf6 21. Ne3
Nd4 22. Bg3 h5 23. Nc2 h4 24. Nxd4 cxd4 25. Bd6 h3 26. gxh3 Rf7 27. Bg3 e5 28.
Rf1 Qf5 29. Kg1 Bh6 30. Bd3 Be3+ 31. Kg2 e4  0-1

[Event "2. Bundesliga West 2018/19"]
[Site "OMICRON Electronics"]
[Date "2018.12.09"]
[Round "5"]
[Board "4"]
[White "Hoellrigl, Wilfried"]
[Black "Kuecher, Wolfgang"]
[Result "1/2-1/2"]
[WhiteElo "2170"]
[BlackElo "2124"]
[PlyCount "91"]
[EventDate "2018.10.12"]
[EventType "team"]
[EventRounds "11"]
[EventCountry "AUT"]
[WhiteTeam "Jenbach 2"]
[BlackTeam "Ranshofen"]

1. e4 g6 2. d4 Bg7 3. Nc3 d6 4. Be3 a6 5. Qd2 b5 6. a3 Nd7 7. Nf3 Bb7 8. Bd3 c5
9. d5 Ngf6 10. Bh6 O-O 11. h4 Bxh6 12. Qxh6 Ng4 13. Qf4 Ndf6 14. h5 c4 15. Be2
Qb6 16. Ng5 Bc8 17. Qg3 gxh5 18. Nh3 Kh8 19. Nf4 Rg8 20. Nxh5 Nxh5 21. Rxh5 Nf6
22. Rg5 Rxg5 23. Qxg5 Bd7 24. Qh4 Rg8 25. Bf3 a5 26. Kf1 b4 27. axb4 axb4 28.
Ne2 Qb7 29. e5 dxe5 30. d6 e4 31. dxe7 Qc6 32. Bh5 Qe6 33. Nd4 Qxe7 34. Ra7 Qe5
35. c3 bxc3 36. bxc3 e3 37. Bxf7 Rb8 38. fxe3 Rb1+ 39. Ke2 Bg4+ 40. Kd2 Rd1+
41. Kc2 Qe4+ 42. Kb2 Rd2+ 43. Kc1 Rd1+ 44. Kb2 Rd2+ 45. Kc1 Rd1+ 46. Kb2
 1/2-1/2

[Event "2. Bundesliga West 2018/19"]
[Site "OMICRON Electronics"]
[Date "2018.12.09"]
[Round "5"]
[Board "5"]
[White "Stadler, Alexander"]
[Black "Heinrich, Thomas"]
[Result "1-0"]
[WhiteElo "2114"]
[BlackElo "2144"]
[PlyCount "155"]
[EventDate "2018.10.12"]
[EventType "team"]
[EventRounds "11"]
[EventCountry "AUT"]
[WhiteTeam "Ranshofen"]
[BlackTeam "Jenbach 2"]

1. d4 d5 2. Bf4 e6 3. e3 Bd6 4. Bg3 Nf6 5. Nd2 b6 6. c3 Bb7 7. Ngf3 Bxg3 8.
hxg3 Nbd7 9. Bd3 Ne4 10. Qc2 f5 11. Bb5 c6 12. Bd3 Qe7 13. g4 O-O-O 14. a4 fxg4
15. Bxe4 dxe4 16. Ne5 g3 17. Nxe4 gxf2+ 18. Qxf2 c5 19. Qf7 Rhe8 20. Qxe7 Rxe7
21. Nd6+ Kb8 22. Nxb7 Kxb7 23. Nxd7 Rexd7 24. Rxh7 Kc6 25. O-O-O e5 26. Kc2
exd4 27. exd4 cxd4 28. Rd3 dxc3 29. Rxc3+ Kb7 30. Rg3 Rc8+ 31. Kb3 Rcc7 32. Ka3
a5 33. Rh5 Ka7 34. Rhg5 Re7 35. Rg6 Rf7 36. R3g5 Kb7 37. g4 Ka7 38. Rh5 Rf3+
39. b3 Rf6 40. Rgg5 g6 41. Rh6 Rc2 42. Rf5 gxf5 43. Rxf6 fxg4 44. Rg6 Rg2 45.
Rg7+ Kb8 46. Rg6 Kc7 47. Rg7+ Kc6 48. Rg5 g3 49. b4 axb4+ 50. Kxb4 Rg1 51. Kb3
Kd6 52. Kb2 Ke6 53. Kc3 Kf6 54. Rg8 Kf5 55. Kb2 Kf4 56. Rf8+ Ke3 57. Re8+ Kf3
58. Rf8+ Kg2 59. Rf6 Rf1 60. Rxb6 Rf3 61. a5 Kf2 62. a6 g2 63. a7 g1=Q 64. a8=Q
Qg7+ 65. Ka2 Qf7+ 66. Ka1 Qf8 67. Qa2+ Kg3 68. Rg6+ Kf4 69. Qc4+ Ke3 70. Re6+
Kf2 71. Qe2+ Kg3 72. Rg6+ Kf4 73. Qh2+ Kf5 74. Qh5+ Ke4 75. Re6+ Kf4 76. Qe5+
Kg4 77. Rg6+ Kh4 78. Qg5+  1-0

[Event "2. Bundesliga West 2018/19"]
[Site "OMICRON Electronics"]
[Date "2018.12.09"]
[Round "5"]
[Board "6"]
[White "Kondrak, Christof"]
[Black "Schwarzmeier, Klaus"]
[Result "0-1"]
[WhiteElo "2107"]
[BlackElo "2187"]
[PlyCount "120"]
[EventDate "2018.10.12"]
[EventType "team"]
[EventRounds "11"]
[EventCountry "AUT"]
[WhiteTeam "Jenbach 2"]
[BlackTeam "Ranshofen"]

1. d4 d5 2. Nf3 Nf6 3. c4 c6 4. cxd5 cxd5 5. Nc3 Nc6 6. Bf4 a6 7. e3 Bg4 8. Be2
e6 9. O-O Be7 10. Rc1 O-O 11. Na4 Nd7 12. Qb3 Na5 13. Qc3 Nc6 14. Qb3 Na5 15.
Qc2 Rc8 16. Bc7 Qe8 17. Bd3 Nc6 18. Bg3 Bxf3 19. gxf3 f5 20. a3 Qh5 21. Qe2 g5
22. f4 Qxe2 23. Bxe2 g4 24. f3 h5 25. Rc3 b5 26. Rfc1 Na7 27. Nc5 Nxc5 28. dxc5
Bf6 29. R3c2 Nc6 30. Rd2 Na5 31. Rb1 Nb3 32. Rc2 Rc6 33. Bf2 Rfc8 34. h3 gxh3
35. Kh2 Rxc5 36. Rxc5 Rxc5 37. Rg1+ Kf7 38. Bd1 Nc1 39. e4 Rc8 40. e5 Be7 41.
b4 Nd3 42. Be3 Rc3 43. a4 Nxb4 44. Bd2 Rd3 45. Bxb4 Bxb4 46. axb5 axb5 47. Kxh3
Bc5 48. Be2 Bxg1 49. Bxd3 b4 50. Kg3 b3 51. Bb1 Be3 52. Bd3 Ke7 53. Bb1 Kd7 54.
Kh4 Bxf4 55. Kxh5 Bxe5 56. Kg6 Kd6 57. Kf7 f4 58. Bh7 Bc3 59. Bd3 e5 60. Kg6
Kc5  0-1

[Event "2. Bundesliga West 2018/19"]
[Site "Kufstein; NMS II, Sporthalle Fischergries"]
[Date "2019.02.08"]
[Round "6"]
[Board "1"]
[White "Bilchinski, Anton"]
[Black "Frank, Emanuel"]
[Result "0-1"]
[WhiteElo "2301"]
[BlackElo "2175"]
[PlyCount "82"]
[EventDate "2018.10.12"]
[EventType "team"]
[EventRounds "11"]
[EventCountry "AUT"]
[WhiteTeam "Pradl"]
[BlackTeam "ASK Salzburg"]

1. d4 d5 2. c4 e6 3. Nc3 Be7 4. cxd5 exd5 5. Bf4 c6 6. Qc2 Nf6 7. h3 Qa5 8. e3
Ne4 9. a3 Bf5 10. Bd3 Na6 11. Rc1 Nxc3 12. Qxc3 Qxc3+ 13. Rxc3 Bxd3 14. Rxd3
O-O-O 15. Nf3 Nc7 16. Ke2 Bd6 17. Bxd6 Rxd6 18. Rc1 Re8 19. b4 f6 20. Rb3 Kd7
21. a4 a6 22. Ne1 Ne6 23. Kd2 Ng5 24. f3 Ra8 25. Nd3 Ne6 26. Rb2 Nc7 27. Nc5+
Kc8 28. g4 Ne6 29. Nd3 Ng5 30. Ke2 Kc7 31. b5 axb5 32. axb5 Ra3 33. Nc5 cxb5
34. h4 Nf7 35. Rxb5 Ra2+ 36. Kf1 b6 37. Ne6+ Kb7 38. Nf4 Rc6 39. Rcb1 Nd6 40.
Rxd5 Nc4 41. Rd7+ Kc8  0-1

[Event "2. Bundesliga West 2018/19"]
[Site "Kufstein; NMS II, Sporthalle Fischergries"]
[Date "2019.02.08"]
[Round "6"]
[Board "2"]
[White "Burschowsky, Matthias"]
[Black "Eybl, Alexander"]
[Result "1-0"]
[WhiteElo "2227"]
[BlackElo "2289"]
[PlyCount "45"]
[EventDate "2018.10.12"]
[EventType "team"]
[EventRounds "11"]
[EventCountry "AUT"]
[WhiteTeam "ASK Salzburg"]
[BlackTeam "Pradl"]

1. c4 e6 2. g3 d5 3. Bg2 Nf6 4. Nf3 Be7 5. O-O O-O 6. b3 d4 7. e3 c5 8. exd4
cxd4 9. Re1 Nc6 10. Ne5 Nxe5 11. Rxe5 Qc7 12. Re1 e5 13. d3 Bf5 14. Qf3 Bc8 15.
Qe2 Bd6 16. Ba3 Re8 17. Bxd6 Qxd6 18. Nd2 Qd8 19. Ne4 Rb8 20. Nxf6+ Qxf6 21. f4
Qg6 22. fxe5 Bg4 23. Qe4  1-0

[Event "2. Bundesliga West 2018/19"]
[Site "Kufstein; NMS II, Sporthalle Fischergries"]
[Date "2019.02.08"]
[Round "6"]
[Board "3"]
[White "Everett, Elijah"]
[Black "Juergens, Klaus"]
[Result "1-0"]
[WhiteElo "2232"]
[BlackElo "2149"]
[PlyCount "127"]
[EventDate "2018.10.12"]
[EventType "team"]
[EventRounds "11"]
[EventCountry "AUT"]
[WhiteTeam "Pradl"]
[BlackTeam "ASK Salzburg"]

1. e4 c5 2. Nf3 Nc6 3. d4 cxd4 4. Nxd4 g6 5. c4 Bg7 6. Be3 Nf6 7. Nc3 O-O 8.
Be2 d6 9. O-O Nxd4 10. Bxd4 Bd7 11. f3 a5 12. Qd2 Bc6 13. b3 Nd7 14. Be3 Nc5
15. Rab1 Qb6 16. Rfc1 Rfc8 17. Rc2 Qd8 18. Bf1 Qf8 19. Kh1 h5 20. a3 Kh7 21. b4
axb4 22. axb4 Na4 23. Ne2 Bh6 24. Rcc1 Bxe3 25. Qxe3 Qh6 26. Qxh6+ Kxh6 27. Kg1
Nb6 28. Nd4 Ra2 29. c5 dxc5 30. bxc5 Nd7 31. Bc4 Ra5 32. Nb3 Ra3 33. Bxf7 Ne5
34. Be6 Rd8 35. Ra1 Rxa1 36. Rxa1 Kg7 37. Ra7 Rd1+ 38. Kf2 Rb1 39. Ke3 Kf6 40.
Nd4 Rc1 41. Bc8 Rc3+ 42. Ke2 Rc4 43. Nb3 Rc2+ 44. Nd2 Bb5+ 45. Kd1 Rxc5 46. f4
Rxc8 47. fxe5+ Ke6 48. Rxb7 Ba4+ 49. Ke2 Kxe5 50. Rxe7+ Kf6 51. Rb7 Bc6 52. Rb6
Kf7 53. Nf3 Be8 54. Ke3 Rc3+ 55. Kf4 Rc2 56. Rb7+ Kf8 57. g3 Rf2 58. Ke3 Ra2
59. Ng5 Ra6 60. e5 Ra3+ 61. Kd4 Ra6 62. Nh7+ Kg8 63. Nf6+ Kf8 64. Rb8  1-0

[Event "2. Bundesliga West 2018/19"]
[Site "Kufstein; NMS II, Sporthalle Fischergries"]
[Date "2019.02.08"]
[Round "6"]
[Board "4"]
[White "Herrmann, Michael"]
[Black "Mittelberger, Peter"]
[Result "1-0"]
[WhiteElo "2124"]
[BlackElo "2199"]
[PlyCount "60"]
[EventDate "2018.10.12"]
[EventType "team"]
[EventRounds "11"]
[EventCountry "AUT"]
[WhiteTeam "ASK Salzburg"]
[BlackTeam "Pradl"]

1. c4 g6 2. Nc3 Bg7 3. g3 d6 4. Bg2 Nf6 5. e4 O-O 6. Nge2 e5 7. d4 Nc6 8. d5
Ne7 9. O-O a5 10. f4 exf4 11. gxf4 Bg4 12. Be3 Qd7 13. Qd2 Bh3 14. Ng3 Bxg2 15.
Kxg2 Qg4 16. h3 Qd7 17. Rae1 c6 18. Bd4 cxd5 19. Nxd5 Nexd5 20. exd5 b5 21. b3
bxc4 22. bxc4 Rac8 23. Qb2 Qd8 24. f5 Rxc4 25. fxg6 fxg6 26. Re6 Nh5 27. Rxf8+
Bxf8 28. Nxh5 gxh5 29. Bf6 Qa8 30. Qd2 Bg7  1-0

[Event "2. Bundesliga West 2018/19"]
[Site "Kufstein; NMS II, Sporthalle Fischergries"]
[Date "2019.02.08"]
[Round "6"]
[Board "5"]
[White "Matt, Stefan"]
[Black "Wollrab, Richard"]
[Result "1-0"]
[WhiteElo "2174"]
[BlackElo "2145"]
[PlyCount "85"]
[EventDate "2018.10.12"]
[EventType "team"]
[EventRounds "11"]
[EventCountry "AUT"]
[WhiteTeam "Pradl"]
[BlackTeam "ASK Salzburg"]

1. e4 d6 2. Nc3 g6 3. d4 Bg7 4. Be3 c6 5. Qd2 b5 6. f3 Nd7 7. g4 h5 8. g5 b4 9.
Nce2 a5 10. h4 e5 11. Rd1 Qc7 12. Ng3 Ne7 13. f4 Nb6 14. dxe5 dxe5 15. f5 gxf5
16. exf5 Nxf5 17. Nxf5 Bxf5 18. Qf2 Nd5 19. Bc5 Be6 20. Ne2 O-O-O 21. Bg2 Kb7
22. O-O Bf8 23. Ng3 Bxc5 24. Qxc5 Qb6 25. Qxb6+ Kxb6 26. Rde1 Nf4 27. Rxe5 Ng6
28. Re4 Rd2 29. Rf2 Rxf2 30. Kxf2 c5 31. b3 Bd5 32. Re3 Bxg2 33. Kxg2 Nxh4+ 34.
Kh3 Ng6 35. Rf3 Rh7 36. Rf6+ Kb7 37. Ne4 c4 38. Nd6+ Kc7 39. Nxc4 a4 40. bxa4
Ne7 41. Ne5 Rh8 42. Rxf7 Kd6 43. Rxe7  1-0

[Event "2. Bundesliga West 2018/19"]
[Site "Kufstein; NMS II, Sporthalle Fischergries"]
[Date "2019.02.08"]
[Round "6"]
[Board "6"]
[White "Vlasak, Reinhard"]
[Black "Nussbaumer, Leon"]
[Result "0-1"]
[WhiteElo "1925"]
[BlackElo "1977"]
[PlyCount "120"]
[EventDate "2018.10.12"]
[EventType "team"]
[EventRounds "11"]
[EventCountry "AUT"]
[WhiteTeam "ASK Salzburg"]
[BlackTeam "Pradl"]

1. e4 c5 2. Nf3 e6 3. d4 cxd4 4. Nxd4 a6 5. Nc3 Qc7 6. Bd3 Nf6 7. Qf3 Nc6 8.
Nb3 b5 9. Bf4 d6 10. O-O-O e5 11. Nd5 Nxd5 12. exd5 Nb4 13. Bxe5 dxe5 14. d6
Nxd3+ 15. Rxd3 Qb8 16. d7+ Bxd7 17. Rxd7 Kxd7 18. Rd1+ Bd6 19. Qxf7+ Kc6 20.
Qd5+ Kb6 21. Qxd6+ Qxd6 22. Rxd6+ Kc7 23. Rd3 Rhd8 24. Rg3 Rd7 25. Nc5 Rf7 26.
Rc3 Kb6 27. Ne4 Rc7 28. Rd3 Rac8 29. c3 b4 30. Kb1 bxc3 31. Nxc3 Rc4 32. a3 Rd4
33. Re3 Re8 34. Kc2 Kc5 35. Ne4+ Kd5 36. Nc3+ Ke6 37. Ne4 Rc8+ 38. Nc3 Rh4 39.
h3 Rf4 40. Re2 h6 41. Kb1 Rcf8 42. f3 Rd4 43. Ne4 Rc8 44. Ka2 Rc1 45. Nc3 Kf5
46. Kb3 g5 47. Ne4 Kf4 48. Ka2 a5 49. Kb3 a4+ 50. Ka2 Rdd1 51. b4 Ra1+ 52. Kb2
Rdb1+ 53. Kc3 Rxa3+ 54. Kc4 Rab3 55. Nc3 Rxb4+ 56. Kc5 R1b2 57. Nd5+ Kf5 58.
g4+ Ke6 59. Rxe5+ Kxe5 60. Nxb4 Rxb4  0-1

[Event "2. Bundesliga West 2018/19"]
[Site "Kufstein; NMS II, Sporthalle Fischergries"]
[Date "2019.02.08"]
[Round "6"]
[Board "1"]
[White "Spornberger, Andre"]
[Black "Koepke, Christian"]
[Result "0-1"]
[WhiteElo "2313"]
[BlackElo "2316"]
[PlyCount "88"]
[EventDate "2018.10.12"]
[EventType "team"]
[EventRounds "11"]
[EventCountry "AUT"]
[WhiteTeam "Rochade Rum"]
[BlackTeam "Kufstein/Woergl"]

1. d4 d5 2. Bf4 Nf6 3. e3 e6 4. Nf3 Bd6 5. Bg3 O-O 6. Nbd2 b6 7. c3 c5 8. Bd3
Bb7 9. O-O Bxg3 10. hxg3 Nc6 11. Rc1 Qe7 12. Qe2 e5 13. dxe5 Nxe5 14. Nxe5 Qxe5
15. Nf3 Qh5 16. Ba6 Bc6 17. Bb5 Bb7 18. Ba6 Bc6 19. Bb5 Rac8 20. a4 Rfd8 21.
Rfd1 Rd6 22. c4 Bb7 23. cxd5 Bxd5 24. Nh4 Qe5 25. b4 Ne4 26. Qc2 Rcd8 27. bxc5
Nxc5 28. Qf5 Qe7 29. Qf4 g6 30. a5 Nb3 31. Rxd5 Nxc1 32. Re5 Qf6 33. axb6 Qxf4
34. gxf4 Rxb6 35. Bc4 Rc8 36. Bd5 Ne2+ 37. Kh2 Nc3 38. Bf3 Kf8 39. Bg4 Rc7 40.
Ra5 Rb5 41. Ra6 Rb6 42. Ra1 Rb2 43. f5 Rxf2 44. Ra6 h5  0-1

[Event "2. Bundesliga West 2018/19"]
[Site "Kufstein; NMS II, Sporthalle Fischergries"]
[Date "2019.02.08"]
[Round "6"]
[Board "2"]
[White "Neuschmied, Siegfried"]
[Black "Spornberger, Maximilian"]
[Result "1-0"]
[WhiteElo "2284"]
[BlackElo "2298"]
[PlyCount "117"]
[EventDate "2018.10.12"]
[EventType "team"]
[EventRounds "11"]
[EventCountry "AUT"]
[WhiteTeam "Kufstein/Woergl"]
[BlackTeam "Rochade Rum"]

1. e4 g6 2. d4 Bg7 3. Nf3 d6 4. Be3 a6 5. a4 b6 6. Qd2 Nd7 7. Nc3 h6 8. Bd3 e6
9. O-O Ne7 10. b4 Bb7 11. b5 a5 12. Rfe1 Nf6 13. h3 g5 14. Nh2 Ng6 15. f3 Nh5
16. Ne2 O-O 17. Nf1 f5 18. exf5 exf5 19. c3 Nh4 20. Nh2 Kh8 21. Bf2 Qf6 22. Bc2
Rae8 23. Bxh4 gxh4 24. Nf1 Qg5 25. Kf2 Rxe2+ 26. Rxe2 Nf4 27. Ke1 Nxe2 28. Qxg5
hxg5 29. Kxe2 Bc8 30. Re1 g4 31. Ne3 gxh3 32. gxh3 Be6 33. Ng2 Bf6 34. Nf4 Bf7
35. Rg1 Rg8 36. Rxg8+ Bxg8 37. Bxf5 Bb3 38. Ne6 Bxe6 39. Bxe6 Bg5 40. Kd3 Kg7
41. Ke4 Kf6 42. f4 Bh6 43. Bg4 Bg7 44. Bd1 Ke7 45. Kf5 Bh8 46. Bb3 Bf6 47. Kg6
Bh8 48. Kg5 Bf6+ 49. Kg6 Bh8 50. Kh7 Bf6 51. Kg8 Ke8 52. Be6 Ke7 53. Bf7 Kd7
54. Kf8 Be7+ 55. Kg7 c6 56. bxc6+ Kxc6 57. f5 Bg5 58. f6 Kd7 59. Be8+  1-0

[Event "2. Bundesliga West 2018/19"]
[Site "Kufstein; NMS II, Sporthalle Fischergries"]
[Date "2019.02.08"]
[Round "6"]
[Board "3"]
[White "Moroder, Stefan"]
[Black "Blaskowski, Johannes"]
[Result "1/2-1/2"]
[WhiteElo "2158"]
[BlackElo "2301"]
[PlyCount "65"]
[EventDate "2018.10.12"]
[EventType "team"]
[EventRounds "11"]
[EventCountry "AUT"]
[WhiteTeam "Rochade Rum"]
[BlackTeam "Kufstein/Woergl"]

1. e4 c5 2. Nf3 e6 3. d4 cxd4 4. Nxd4 Nf6 5. Nc3 d6 6. Be2 Be7 7. O-O O-O 8.
Be3 Nc6 9. Kh1 Qc7 10. f4 Re8 11. Ndb5 Qb8 12. a4 a6 13. Nd4 Bd7 14. Nb3 b6 15.
g4 Rd8 16. g5 Ne8 17. Qe1 Nb4 18. Rc1 Bc6 19. Nd4 Bb7 20. f5 e5 21. f6 exd4 22.
fxe7 Rd7 23. Rxf7 Kxf7 24. Qf2+ Kxe7 25. Bxd4 Rc7 26. Rf1 Rxc3 27. Qf7+ Kd8 28.
bxc3 Bxe4+ 29. Kg1 Ra7 30. Qf4 Nxc2 31. Qxe4 Nxd4 32. cxd4 Re7 33. Qd3  1/2-1/2

[Event "2. Bundesliga West 2018/19"]
[Site "Kufstein; NMS II, Sporthalle Fischergries"]
[Date "2019.02.08"]
[Round "6"]
[Board "4"]
[White "Maurer, Jochen"]
[Black "Jedinger, Andreas"]
[Result "1/2-1/2"]
[WhiteElo "2213"]
[BlackElo "2108"]
[PlyCount "82"]
[EventDate "2018.10.12"]
[EventType "team"]
[EventRounds "11"]
[EventCountry "AUT"]
[WhiteTeam "Kufstein/Woergl"]
[BlackTeam "Rochade Rum"]

1. Nf3 Nf6 2. e3 g6 3. d4 Bg7 4. c4 O-O 5. Be2 c5 6. O-O cxd4 7. exd4 d5 8. Nc3
Nc6 9. Bg5 dxc4 10. Bxc4 Bg4 11. d5 Bxf3 12. Qxf3 Ne5 13. Qe2 Nxc4 14. Qxc4 Qd7
15. Rad1 Qf5 16. Bh4 Rfd8 17. Rfe1 Rd7 18. h3 Qh5 19. Bg3 Rad8 20. Re5 Qh6 21.
Rde1 Bf8 22. Bh4 Qd2 23. R5e2 Qh6 24. Re5 Qd2 25. R5e2 Qh6 26. Bxf6 exf6 27.
Ne4 Qf4 28. Qd4 Kg7 29. Qxa7 b5 30. Qe3 Qxe3 31. Rxe3 Rxd5 32. Nc3 Rd2 33. R3e2
b4 34. Na4 f5 35. g3 Kf6 36. Kg2 h5 37. h4 R2d4 38. Kf3 Rd3+ 39. Re3 Rd2 40.
R3e2 R2d3+ 41. Re3 Rd2  1/2-1/2

[Event "2. Bundesliga West 2018/19"]
[Site "Kufstein; NMS II, Sporthalle Fischergries"]
[Date "2019.02.08"]
[Round "6"]
[Board "5"]
[White "Berchtold, Clemens"]
[Black "Anibas, Juergen"]
[Result "1-0"]
[WhiteElo "2024"]
[BlackElo "2020"]
[PlyCount "57"]
[EventDate "2018.10.12"]
[EventType "team"]
[EventRounds "11"]
[EventCountry "AUT"]
[WhiteTeam "Rochade Rum"]
[BlackTeam "Kufstein/Woergl"]

1. d4 d5 2. c4 c6 3. Nc3 Nf6 4. e3 e6 5. Nf3 Nbd7 6. Qc2 Bd6 7. Be2 O-O 8. O-O
Qe7 9. a3 e5 10. dxe5 Nxe5 11. cxd5 Nfg4 12. g3 Qf6 13. Nxe5 Qxe5 14. Qe4 Qh5
15. Qg2 Qh6 16. dxc6 bxc6 17. Rd1 Bc5 18. b4 Bb6 19. Bb2 Bf5 20. h4 Rfe8 21.
Na4 Bxe3 22. Bxg4 Bxg4 23. fxe3 Qxe3+ 24. Qf2 Bxd1 25. Rxd1 Qb3 26. Rd7 Rad8
27. Nc5 Qc4 28. Qe3 Rf8 29. Qg5  1-0

[Event "2. Bundesliga West 2018/19"]
[Site "Kufstein; NMS II, Sporthalle Fischergries"]
[Date "2019.02.08"]
[Round "6"]
[Board "6"]
[White "Maltsev, Oleg"]
[Black "Babinetz, Rainer"]
[Result "1-0"]
[WhiteElo "2057"]
[BlackElo "1996"]
[PlyCount "45"]
[EventDate "2018.10.12"]
[EventType "team"]
[EventRounds "11"]
[EventCountry "AUT"]
[WhiteTeam "Kufstein/Woergl"]
[BlackTeam "Rochade Rum"]

1. d4 d5 2. c4 Nc6 3. cxd5 Qxd5 4. Nf3 e5 5. Nc3 Bb4 6. dxe5 Qxd1+ 7. Kxd1 Bg4
8. Bf4 O-O-O+ 9. Kc1 Nge7 10. Bg5 Rhe8 11. e4 Bxc3 12. bxc3 Nxe5 13. Nxe5 Rd1+
14. Kb2 Rxa1 15. Kxa1 Bh5 16. Nd3 f6 17. Be3 Nc6 18. f3 f5 19. Nf2 Bg6 20. Bd3
Ne5 21. Bc2 Nc4 22. Bf4 fxe4 23. Bxe4  1-0

[Event "2. Bundesliga West 2018/19"]
[Site "Kufstein; NMS II, Sporthalle Fischergries"]
[Date "2019.02.08"]
[Round "6"]
[Board "1"]
[White "Rotstein, Arkadij"]
[Black "Repka, Christopher"]
[Result "0-1"]
[WhiteElo "2481"]
[BlackElo "2523"]
[PlyCount "140"]
[EventDate "2018.10.12"]
[EventType "team"]
[EventRounds "11"]
[EventCountry "AUT"]
[WhiteTeam "Absam"]
[BlackTeam "Bregenz"]

1. c4 e5 2. Nc3 Nc6 3. Nf3 Nf6 4. e4 Bb4 5. d3 d6 6. a3 Bc5 7. b4 Bb6 8. Na4
Bg4 9. Nxb6 axb6 10. Be3 Nd4 11. Bxd4 exd4 12. Be2 Bxf3 13. Bxf3 O-O 14. O-O
Qd7 15. Qd2 Ra7 16. Qb2 Rfa8 17. b5 Qe7 18. Qxd4 Qe5 19. Qe3 Qb2 20. Qc1 Qd4
21. Rd1 Nd7 22. Ra2 Nc5 23. Be2 Nb3 24. Qg5 g6 25. Bg4 Rxa3 26. Rxa3 Rxa3 27.
h4 Nc5 28. Be2 Ra2 29. Kf1 Ra1 30. Qd2 Nxe4 31. dxe4 Qxd2 32. Rxa1 Qh6 33. f3
Qxh4 34. Ra7 Qg5 35. Rxb7 Qc5 36. Ra7 h5 37. Ra1 h4 38. Rd1 Qg5 39. Rd5 Qe3 40.
Rd3 Qf4 41. Rd5 Qg3 42. Rd1 Kg7 43. Rd5 f6 44. Bd1 Qh2 45. Be2 Qf4 46. Kf2 Kh6
47. Rd1 g5 48. Kg1 Kg6 49. Rd5 Kh5 50. Kf2 Qg3+ 51. Kf1 h3 52. gxh3 Qxh3+ 53.
Ke1 Kh4 54. Kd2 Kg3 55. Bd1 Kf2 56. Kc2 Ke1 57. Rd3 Qh2+ 58. Kb3 Qe5 59. Bc2
Qc5 60. Rc3 Qd4 61. Bb1 Ke2 62. Bc2 Qc5 63. Bb1 Qf2 64. Rc2+ Kxf3 65. Rxf2+
Kxf2 66. c5 dxc5 67. Kc4 g4 68. e5 fxe5 69. Kd5 g3 70. Be4 g2  0-1